Southville International School and Colleges
Your cart is empty.
  • Cart
  • Lists
    Public lists Eva Luna New books Lux_list list_1
    Your lists Log in to create your own lists
  • Log in to your account
  • Your cookies
  • Search history
Southville International School and Colleges
  • Advanced search
  • Recent comments
  • Most popular
  • Libraries

Log in to your account

Log in with GOOGLE


If you do not have an external account, but do have a local account, you can still log in:

  1. Home
  2. MARC view: Model behavior :
Normal view MARC view ISBD view

Model behavior : (Record no. 288592)

[ view plain ]
MARC details
000 -LEADER
fixed length control field 01305cam a2200313 a 4500
001 - CONTROL NUMBER
control field 2142812
003 - CONTROL NUMBER IDENTIFIER
control field PILC
005 - DATE AND TIME OF LATEST TRANSACTION
control field 20150903132646.0
008 - FIXED-LENGTH DATA ELEMENTS--GENERAL INFORMATION
fixed length control field 980706s1998 nyu 000 1 eng
010 ## - LIBRARY OF CONGRESS CONTROL NUMBER
LC control number 98027859
020 ## - INTERNATIONAL STANDARD BOOK NUMBER
International Standard Book Number 0679428461
040 ## - CATALOGING SOURCE
Original cataloging agency DLC
Transcribing agency DLC
Modifying agency DLC
043 ## - GEOGRAPHIC AREA CODE
Geographic area code n-us---
050 00 - LIBRARY OF CONGRESS CALL NUMBER
Classification number PS 3563.C3694
Item number .M6 1998
082 00 - DEWEY DECIMAL CLASSIFICATION NUMBER
Classification number 813/.54
100 1# - MAIN ENTRY--PERSONAL NAME
Personal name McInerney, Jay.
245 10 - TITLE STATEMENT
Title Model behavior :
Remainder of title a novel and 7 stories /
Statement of responsibility, etc Jay McInerney.
250 ## - EDITION STATEMENT
Edition statement 1st ed.
260 ## - PUBLICATION, DISTRIBUTION, ETC. (IMPRINT)
Place of publication, distribution, etc New York :
Name of publisher, distributor, etc Alfred A. Knopf,
Date of publication, distribution, etc 1998.
300 ## - PHYSICAL DESCRIPTION
Extent vii, 270 pages ;
Dimensions 22 cm.
505 0# - FORMATTED CONTENTS NOTE
Formatted contents note Model behavior -- The business -- Con doctor -- Smoke -- Getting in touch with Lonnie -- How it ended -- The queen and I -- Reunion.
651 #0 - SUBJECT ADDED ENTRY--GEOGRAPHIC NAME
Geographic name United States
General subdivision Social life and customs
Chronological subdivision 20th century
General subdivision Fiction.
856 42 - ELECTRONIC LOCATION AND ACCESS
Materials specified Contributor biographical information
Uniform Resource Identifier <a href="http://www.loc.gov/catdir/bios/random058/98027859.html">http://www.loc.gov/catdir/bios/random058/98027859.html</a>
856 41 - ELECTRONIC LOCATION AND ACCESS
Materials specified Sample text
Uniform Resource Identifier <a href="http://www.loc.gov/catdir/samples/random044/98027859.html">http://www.loc.gov/catdir/samples/random044/98027859.html</a>
856 42 - ELECTRONIC LOCATION AND ACCESS
Materials specified Publisher description
Uniform Resource Identifier <a href="http://www.loc.gov/catdir/description/random049/98027859.html">http://www.loc.gov/catdir/description/random049/98027859.html</a>
906 ## - LOCAL DATA ELEMENT F, LDF (RLIN)
a 7
b cbc
c orignew
d 1
e ocip
f 19
g y-gencatlg
942 ## - ADDED ENTRY ELEMENTS (KOHA)
Source of classification or shelving scheme Library of Congress Classification
Koha item type Books
Call number prefix Foreign
Holdings
Withdrawn status Lost status Source of classification or shelving scheme Damaged status Home library Current library Shelving location Date acquired Source of acquisition Sub Shelving location Total Checkouts Full call number Barcode Date last seen Price effective from Koha item type
    Library of Congress Classification   College Library College Library Fiction Section 09/03/2015 Donation     PS 3563.C3694 .M6 1998 C19900 05/08/2018 09/03/2015 Books

Model behavior :

APA

McInerney J., . (1998). Model behavior. New York: Alfred A. Knopf.

Chicago

McInerney Jay, . 1998. Model behavior. New York: Alfred A. Knopf.

Harvard

McInerney J., . (1998). Model behavior. New York: Alfred A. Knopf.

MLA

McInerney Jay, . Model behavior. New York: Alfred A. Knopf. 1998.

  • Place hold
  • Print
  • Cite
  • Add to your cart (remove)
  • Save record
    BIBTEX Dublin Core MARCXML MARC (non-Unicode/MARC-8) MARC (Unicode/UTF-8) MARC (Unicode/UTF-8, Standard) MODS (XML) RIS
  • More searches
    Search for this title in:
    Other Libraries (WorldCat) Other Databases (Google Scholar) Online Stores (Bookfinder.com) Open Library (openlibrary.org)

Exporting to Dublin Core...

SOUTHVILLE LIBRARY

Southville International School and Colleges Library

1281 Tropical Ave. Cor. Luxembourg St., BF Homes International, Las Pinas City

Tel. No. 8256374 / 252358 Loc. 117/146

Powered by Koha